[Event "48th ch-IND"]
[Site "New Delhi IND"]
[Date "2010.12.19"]
[EventDate "2010.12.09"]
[Round "10"]
[Result "1/2-1/2"]
[White "Subramanian Arun Prasad"]
[Black "Baskaran Adhiban"]
[WhiteElo "2519"]
[BlackElo "2515"]
[PlyCount "152"]

1. d4 Nf6 2. c4 e6 3. Nc3 Bb4 4. e3 O-O 5. Bd3 d5 6. Nf3 c5
7. O-O dxc4 8. Bxc4 Nbd7 9. Qb3 a6 10. a4 Qa5 11. Na2 b5
12. Bd3 Bb7 13. Nxb4 c4 14. Qa3 cxd3 15. Nxd3 bxa4 16. Nfe5
Nxe5 17. Nxe5 Rac8 18. Qxa4 Qxa4 19. Rxa4 Rc2 20. b3 Rfc8
21. Nc4 Ne4 22. Ba3 Nd2 23. Nxd2 Rxd2 24. Bc5 e5 25. Bb4 Rb2
26. dxe5 Rxb3 27. Bd6 h6 28. h3 Rc2 29. Rd1 Bc6 30. Rb4 Rbc3
31. Rb8+ Kh7 32. Rb6 a5 33. Ra6 Rb3 34. Ra7 Bb7 35. Rxa5 Rbb2
36. Rf1 Be4 37. e6 fxe6 38. Ra7 Rb7 39. Rxb7 Bxb7 40. Ra1 Rd2
41. Be5 Rd7 42. Rb1 Kg6 43. f3 Kf7 44. e4 Ba6 45. Rb6 Bc4
46. h4 Bd3 47. Kf2 Bc4 48. g4 Rd2+ 49. Kg3 Rd7 50. Kf4 Be2
51. Bd6 Ra7 52. Ke3 Bd1 53. Rb1 Bc2 54. Rb8 Rd7 55. Rb6 Bd1
56. h5 g6 57. g5 gxh5 58. gxh6 Kg6 59. Bf4 Re7 60. Rb1 Ba4
61. Rg1+ Kh7 62. Bg5 Rd7 63. Rb1 Kg6 64. f4 Bd1 65. Rb6 Bg4
66. Bh4 Kh7 67. f5 exf5 68. e5 Ra7 69. Kf4 Ra4+ 70. Kg5 Bf3
71. e6 Rg4+ 72. Kf6 Rxh4 73. e7 Re4 74. Rb8 h4 75. e8=Q Rxe8
76. Rxe8 h3 1/2-1/2

[Event "48th ch-IND"]
[Site "New Delhi IND"]
[Date "2010.12.20"]
[EventDate "2010.12.09"]
[Round "11"]
[Result "1/2-1/2"]
[White "Baskaran Adhiban"]
[Black "Abhijit Kunte"]
[WhiteElo "2515"]
[BlackElo "2517"]
[PlyCount "114"]

1. d4 Nf6 2. c4 e6 3. Nf3 Bb4+ 4. Nbd2 b6 5. a3 Bxd2+ 6. Bxd2
h6 7. g3 Bb7 8. Bg2 O-O 9. O-O a5 10. b3 d6 11. Bc3 Be4
12. Bh3 Nbd7 13. Nd2 Bb7 14. Re1 d5 15. Bg2 c5 16. cxd5 exd5
17. Rc1 Re8 18. Nc4 Nf8 19. dxc5 bxc5 20. Bxf6 Qxf6 21. Bxd5
Rad8 22. e4 Bxd5 23. exd5 Rxe1+ 24. Qxe1 Rxd5 25. Ne3 Rd3
26. Rxc5 Rxb3 27. Rxa5 Qe7 28. Qd1 Rxe3 29. fxe3 Qxe3+ 30. Kg2
Qe4+ 31. Kf2 Ne6 32. Ra4 Qb7 33. h4 g6 34. Qe2 Qb6+ 35. Kg2
Qc6+ 36. Qe4 Qc3 37. Ra8+ Kg7 38. Ra7 Qb2+ 39. Kh3 Qf2 40. Rd7
Qf1+ 41. Kh2 Qf2+ 42. Qg2 Qf6 43. Rd3 Nd4 44. Qe4 Qf2+ 45. Qg2
Qf6 46. Kg1 h5 47. Qf2 Nf5 48. Rb3 Kh7 49. Rb7 Qe6 50. a4 Qd5
51. Rc7 Nh6 52. Rc1 Ng4 53. Qf4 Kg7 54. Rf1 Qa2 55. Rc1 Qd5
56. Rf1 Qa2 57. Rc1 Qd5 1/2-1/2

[Event "48th ch-IND"]
[Site "New Delhi IND"]
[Date "2010.12.10"]
[EventDate "2010.12.09"]
[Round "2"]
[Result "0-1"]
[White "Soumya Swaminathan"]
[Black "Baskaran Adhiban"]
[WhiteElo "2332"]
[BlackElo "2515"]
[PlyCount "52"]

1. e4 c5 2. Nf3 d6 3. d4 cxd4 4. Nxd4 Nf6 5. Nc3 a6 6. Bg5
Nbd7 7. Qe2 Qc7 8. O-O-O e6 9. f4 Be7 10. g4 b5 11. a3 h6
12. Bh4 Rb8 13. Bg3 Nb6 14. g5 hxg5 15. fxg5 Nh5 16. Ndxb5
axb5 17. Nxb5 Qc5 18. Nxd6+ Kf8 19. Nxf7 Bxg5+ 20. Nxg5 Qxg5+
21. Kb1 Nxg3 22. Qf3+ Ke7 23. Rg1 Na4 24. Qxg3 Rxb2+ 25. Ka1
Qxg3 26. Rxg3 Rxc2 0-1

[Event "48th ch-IND"]
[Site "New Delhi IND"]
[Date "2010.12.11"]
[EventDate "2010.12.09"]
[Round "3"]
[Result "1-0"]
[White "Baskaran Adhiban"]
[Black "Roy Saptarshi"]
[WhiteElo "2515"]
[BlackElo "2382"]
[PlyCount "47"]

1. d4 Nf6 2. c4 c5 3. Nf3 cxd4 4. Nxd4 e5 5. Nb5 d5 6. cxd5
Bc5 7. N5c3 O-O 8. g3 Qb6 9. e3 Bg4 10. Be2 Bh3 11. g4 Rd8
12. Rg1 h5 13. g5 Nfd7 14. Bxh5 e4 15. Bxf7+ Kxf7 16. Qh5+ Qg6
17. Qxh3 Ne5 18. Qe6+ Qxe6 19. dxe6+ Kxe6 20. Ke2 Nbc6
21. Nxe4 Be7 22. Nbc3 Nb4 23. a3 Nbd3 24. Rd1 1-0

[Event "48th ch-IND"]
[Site "New Delhi IND"]
[Date "2010.12.12"]
[EventDate "2010.12.09"]
[Round "4"]
[Result "1-0"]
[White "Sethuraman P Sethuraman"]
[Black "Baskaran Adhiban"]
[WhiteElo "2547"]
[BlackElo "2515"]
[PlyCount "71"]

1. d4 Nf6 2. c4 e6 3. Nf3 b6 4. a3 Ba6 5. Qc2 Bb7 6. Nc3 c5
7. e4 cxd4 8. Nxd4 Bc5 9. Nf3 Nc6 10. b4 Nd4 11. Qd2 Nxf3+
12. gxf3 Be7 13. Bb2 d6 14. Rg1 Rg8 15. O-O-O a6 16. Kb1 Qc7
17. Rc1 g5 18. Qe3 Rg6 19. Bh3 h5 20. Bf1 Nd7 21. h4 g4
22. fxg4 Rxg4 23. Rxg4 hxg4 24. h5 Ne5 25. h6 Bf6 26. Be2 Ke7
27. Qf4 Rh8 28. Rh1 Qc8 29. h7 Qf8 30. c5 bxc5 31. bxc5 dxc5
32. Nd5+ Bxd5 33. Bxe5 Bxe5 34. Qxe5 Ba8 35. Qxc5+ Kf6
36. Qxf8 1-0

[Event "16th Asian Games Team Final Men"]
[Site "Guangzhou CHN"]
[Date "2010.11.26"]
[EventDate "2010.11.25"]
[Round "2"]
[Result "1-0"]
[White "Baskaran Adhiban"]
[Black "Asghar Golizadeh"]
[WhiteElo "2515"]
[BlackElo "2508"]
[PlyCount "81"]

1. d4 Nf6 2. c4 c5 3. Nf3 g6 4. Nc3 Bg7 5. d5 O-O 6. e4 d6
7. h3 e5 8. Be2 Nbd7 9. g4 a6 10. a4 Rb8 11. Rg1 Ne8 12. h4
Nc7 13. h5 Nf6 14. Nh2 Nfe8 15. g5 f5 16. hxg6 hxg6 17. Nf3
Kf7 18. exf5 Bxf5 19. Nh4 Rh8 20. Nxf5 gxf5 21. Bh5+ Ke7
22. Bg6 Qd7 23. Qf3 f4 24. Qd3 Kd8 25. Bf5 Qf7 26. Bg4 Bf8
27. Ne4 Be7 28. Bd2 Rg8 29. O-O-O b5 30. Ba5 bxc4 31. Qxc4 f3
32. Kb1 Qf4 33. Be6 Rg6 34. Rg4 Qf8 35. Qxa6 Rxe6 36. dxe6 Qf5
37. Qc6 Qxe6 38. Bxc7+ Nxc7 39. Nxd6 Qb3 40. Nb7+ Kc8 41. Rd8+
1-0

[Event "13th Dubai Open"]
[Site "Dubai UAE"]
[Date "2011.04.10"]
[EventDate "2011.04.10"]
[Round "1.29"]
[Result "1-0"]
[White "Baskaran Adhiban"]
[Black "Romany Salah"]
[WhiteElo "2543"]
[BlackElo "2115"]
[PlyCount "63"]

1. d4 Nf6 2. c4 e6 3. Nf3 b6 4. g3 Bb7 5. Bg2 Be7 6. O-O O-O
7. Re1 d5 8. cxd5 exd5 9. Nc3 Ne4 10. Bf4 Nd7 11. Qb3 Ndf6
12. Ne5 Nxc3 13. bxc3 Ne4 14. a4 a5 15. f3 Nf6 16. e4 h6
17. Rad1 Nh5 18. Bc1 c6 19. Nd3 Nf6 20. e5 Nd7 21. f4 Ba6
22. f5 Re8 23. Nf4 Bc4 24. Qc2 Nb8 25. f6 Bf8 26. Nh5 g6
27. e6 gxh5 28. exf7+ Kxf7 29. Qh7+ Kxf6 30. Rf1+ Bxf1
31. Rxf1+ Ke6 32. Bh3+ 1-0

[Event "13th Dubai Open"]
[Site "Dubai UAE"]
[Date "2011.04.11"]
[EventDate "2011.04.10"]
[Round "2"]
[Result "1/2-1/2"]
[White "Orkhan Abdulov"]
[Black "Baskaran Adhiban"]
[WhiteElo "2327"]
[BlackElo "2543"]
[PlyCount "49"]

1. e4 c5 2. Nf3 d6 3. c3 Nf6 4. Bd3 Bg4 5. h3 Bh5 6. Bc2 Nc6
7. d3 e6 8. Nbd2 d5 9. Qe2 Qc7 10. exd5 Nxd5 11. O-O Be7
12. a4 O-O-O 13. Nc4 g5 14. g4 Bxg4 15. hxg4 h5 16. Nfe5 hxg4
17. f4 gxf4 18. Bxf4 Nxf4 19. Rxf4 Rh5 20. Nxc6 Qxf4 21. Nxd8
Rh3 22. Rf1 Rg3+ 23. Kh2 Rf3+ 24. Kg1 Rg3+ 25. Kh2 1/2-1/2

[Event "13th Dubai Open"]
[Site "Dubai UAE"]
[Date "2011.04.12"]
[EventDate "2011.04.10"]
[Round "3"]
[Result "1-0"]
[White "Baskaran Adhiban"]
[Black "Shah Fenil"]
[WhiteElo "2543"]
[BlackElo "2282"]
[PlyCount "77"]

1. d4 Nf6 2. c4 c5 3. d5 b5 4. Nf3 bxc4 5. Nc3 g6 6. e4 d6
7. Bxc4 Bg7 8. O-O O-O 9. e5 dxe5 10. Nxe5 Qd6 11. Re1 Ba6
12. Qe2 Bxc4 13. Nxc4 Qd7 14. Qf3 Na6 15. Bg5 h6 16. Bxf6 Bxf6
17. d6 Rae8 18. Nd5 Nb4 19. Nxf6+ exf6 20. Qxf6 Nd5 21. Qf3
Nb6 22. Nxb6 axb6 23. Qd5 Rxe1+ 24. Rxe1 Rd8 25. g3 Qf5
26. Qxf5 gxf5 27. Rd1 Kg7 28. Kg2 Kf6 29. Kf3 Ke6 30. Kf4 Rd7
31. a4 Kf6 32. h4 Ke6 33. h5 Kf6 34. b3 Ke6 35. f3 Kf6 36. g4
fxg4 37. fxg4 Kg7 38. Ke5 Kf8 39. Kd5 1-0

[Event "13th Dubai Open"]
[Site "Dubai UAE"]
[Date "2011.04.13"]
[EventDate "2011.04.10"]
[Round "4.17"]
[Result "0-1"]
[White "Vahap Sanal"]
[Black "Baskaran Adhiban"]
[WhiteElo "2200"]
[BlackElo "2543"]
[PlyCount "82"]

1. e4 e5 2. Nf3 Nc6 3. Bb5 a6 4. Ba4 Nf6 5. O-O Be7 6. Bxc6
dxc6 7. d3 Nd7 8. Nbd2 O-O 9. Nc4 f6 10. Nh4 g6 11. Qg4 Kh8
12. Nxg6+ hxg6 13. Qxg6 Qe8 14. Qh6+ Kg8 15. f4 Qf7 16. fxe5
Qh7 17. exf6 Nxf6 18. Qxh7+ Kxh7 19. Bf4 Be6 20. Nd2 Bc5+
21. Kh1 Ng4 22. Bg3 Nf2+ 23. Bxf2 Rxf2 24. Rxf2 Bxf2 25. Rf1
Be3 26. Nf3 a5 27. Re1 Bh6 28. b3 a4 29. Nd4 axb3 30. axb3 Bg8
31. Nf5 Bd2 32. Rf1 Ra2 33. c4 Rb2 34. Kg1 Rxb3 35. Rf3 Be6
36. Nd4 Rb1+ 37. Kf2 Bg4 38. Rf7+ Kg8 39. Rxc7 Bf4 40. Re7
Rb2+ 41. Kf1 Be3 0-1

[Event "13th Dubai Open"]
[Site "Dubai UAE"]
[Date "2011.04.14"]
[EventDate "2011.04.10"]
[Round "5"]
[Result "1/2-1/2"]
[White "Baskaran Adhiban"]
[Black "Bassem Amin"]
[WhiteElo "2543"]
[BlackElo "2596"]
[PlyCount "57"]

1. d4 Nf6 2. c4 e6 3. Nf3 Bb4+ 4. Nbd2 b6 5. a3 Bxd2+ 6. Qxd2
Bb7 7. g3 Bxf3 8. exf3 d5 9. c5 O-O 10. b4 c6 11. Bb2 Nbd7
12. Bd3 a5 13. O-O axb4 14. axb4 b5 15. Rxa8 Qxa8 16. Ra1 Qb7
17. Qc3 Ra8 18. Bc1 Nb8 19. Bg5 Rxa1+ 20. Qxa1 Qa6 21. Qb2
Nbd7 22. Bf4 Ne8 23. Kg2 Qa7 24. Bc2 Nef6 25. h4 Qa8 26. Kh3
Qa7 27. Kg2 Qa8 28. Bd3 Qa4 29. Bc2 1/2-1/2

[Event "13th Dubai Open"]
[Site "Dubai UAE"]
[Date "2011.04.16"]
[EventDate "2011.04.10"]
[Round "6"]
[Result "1-0"]
[White "Sergey Volkov"]
[Black "Baskaran Adhiban"]
[WhiteElo "2621"]
[BlackElo "2543"]
[PlyCount "65"]

1. d4 d5 2. c4 e6 3. Nc3 c6 4. e3 Nf6 5. Bd3 Nbd7 6. cxd5 exd5
7. Nge2 g6 8. O-O Bg7 9. b4 O-O 10. b5 c5 11. dxc5 Nxc5
12. Ba3 b6 13. Na4 Ng4 14. Nxc5 Bxa1 15. Qxa1 bxc5 16. h3 Qa5
17. Bb2 Nxe3 18. fxe3 Qd2 19. Nf4 Qxe3+ 20. Kh1 d4 21. Qc1
Qxc1 22. Rxc1 Be6 23. Nxe6 fxe6 24. Rxc5 Rad8 25. Kg1 Rfe8
26. Rc7 e5 27. Rxa7 e4 28. Bc4+ Kh8 29. b6 e3 30. b7 e2
31. Bxe2 Rxe2 32. Bxd4+ Kg8 33. Ra8 1-0

[Event "13th Dubai Open"]
[Site "Dubai UAE"]
[Date "2011.04.16"]
[EventDate "2011.04.10"]
[Round "7"]
[Result "1-0"]
[White "Baskaran Adhiban"]
[Black "Sunil Mokal Prathamesh"]
[WhiteElo "2543"]
[BlackElo "2405"]
[PlyCount "75"]

1. d4 Nf6 2. c4 e6 3. Nc3 Bb4 4. Qc2 c5 5. dxc5 O-O 6. a3 Bxc5
7. Nf3 Qb6 8. e3 Be7 9. b3 d6 10. Bb2 Nbd7 11. g4 Nxg4 12. Rg1
f5 13. O-O-O Ndf6 14. Nd4 Bd7 15. h3 Nh6 16. Ndb5 Nf7 17. e4
f4 18. b4 e5 19. c5 dxc5 20. Rxd7 Nxd7 21. Nd5 Qd8 22. Nbc7
Ng5 23. Nxa8 Nf3 24. Nxe7+ Kh8 25. Rh1 Qxe7 26. Nc7 cxb4
27. Nd5 Qd6 28. axb4 Qg6 29. Be2 Qg2 30. Bxf3 Qxf3 31. Rd1
Qxh3 32. Kb1 Qh5 33. Nxf4 Qg4 34. Nd5 h6 35. Ne3 Qe6 36. Nf5
Nf6 37. Rd6 Qe8 38. f4 1-0

[Event "13th Dubai Open"]
[Site "Dubai UAE"]
[Date "2011.04.17"]
[EventDate "2011.04.10"]
[Round "8"]
[Result "1/2-1/2"]
[White "Yuri Kuzubov"]
[Black "Baskaran Adhiban"]
[WhiteElo "2627"]
[BlackElo "2543"]
[PlyCount "87"]

1. Nf3 Nc6 2. e4 e5 3. Bb5 a6 4. Ba4 Nf6 5. O-O Bc5 6. c3 b5
7. Bb3 d6 8. d4 Bb6 9. h3 O-O 10. Be3 exd4 11. cxd4 Nxe4
12. Bd5 Qe8 13. Qc2 Nb4 14. Qxe4 Qxe4 15. Bxe4 d5 16. Bxh7+
Kxh7 17. Nc3 c6 18. Rfd1 Nc2 19. Rac1 Nxe3 20. fxe3 f6 21. Ne2
Bd7 22. Nf4 Rfe8 23. Kf2 Re7 24. Nd3 Rae8 25. Re1 a5 26. Nc5
Bf5 27. Re2 g5 28. Ree1 Kg6 29. h4 g4 30. Ng1 g3+ 31. Kxg3
Bxc5 32. Rxc5 Rxe3+ 33. Rxe3 Rxe3+ 34. Kf2 Re4 35. Rxc6 Rxd4
36. Nf3 Rb4 37. b3 a4 38. Ne5+ Kg7 39. Rc7+ Kh6 40. Rc6 Kg7
41. Rc7+ Kh6 42. Rc6 Kg7 43. Rc7+ Kh6 44. Rc6 1/2-1/2

[Event "13th Dubai Open"]
[Site "Dubai UAE"]
[Date "2011.04.18"]
[EventDate "2011.04.10"]
[Round "9"]
[Result "0-1"]
[White "Baskaran Adhiban"]
[Black "Vladimir Akopian"]
[WhiteElo "2543"]
[BlackElo "2675"]
[PlyCount "114"]

1. d4 Nf6 2. c4 e6 3. g3 c5 4. Nf3 cxd4 5. Nxd4 Bb4+ 6. Bd2
Qb6 7. Bg2 Nc6 8. Nb5 O-O 9. Bxb4 Nxb4 10. Qd2 Nc6 11. N1c3 d5
12. Na4 Qd8 13. cxd5 exd5 14. O-O Ne4 15. Qf4 Qa5 16. Nac3 Be6
17. Rfd1 Nxc3 18. Nxc3 d4 19. Ne4 Rad8 20. a3 Bb3 21. Rdc1 d3
22. exd3 Nd4 23. Kh1 Nc2 24. Rab1 Ba2 25. b4 Qxa3 26. Nf6+
gxf6 27. Be4 Rfe8 28. Qxf6 Bxb1 29. Qg5+ Kf8 30. Qh6+ Ke7
31. Qg5+ f6 32. Qc5+ Rd6 33. Rxb1 Qa2 34. Rc1 Nd4 35. Qh5 Rd7
36. Qc5+ Kf7 37. Qh5+ Kf8 38. Qh6+ Kg8 39. Qxf6 Qf7 40. Qg5+
Kh8 41. Kg2 Rf8 42. f4 Qf6 43. Qh5 Rg7 44. Kh1 Nf5 45. Re1 Qh6
46. Qxh6 Nxh6 47. Ra1 b6 48. b5 Nf5 49. Ra4 h5 50. Bf3 h4
51. g4 Nd6 52. Rb4 Rc7 53. Bc6 a5 54. Rd4 Rd8 55. f5 Nf7
56. Re4 Ng5 57. Re3 Kg7 0-1

[Event "World Junior Championships"]
[Site "Chennai IND"]
[Date "2011.08.04"]
[EventDate "2011.08.01"]
[Round "3"]
[Result "1-0"]
[White "Baskaran Adhiban"]
[Black "Javier Benitez Lozano"]
[WhiteElo "2542"]
[BlackElo "1994"]
[PlyCount "81"]

1. d4 Nf6 2. c4 e6 3. g3 d5 4. Nf3 c6 5. Bg2 Bd6 6. O-O Nbd7
7. Nc3 O-O 8. Nd2 dxc4 9. Nxc4 Bc7 10. e4 e5 11. d5 Nb6
12. Ne3 Qe7 13. a4 a5 14. h3 Rd8 15. b3 Be6 16. Ba3 c5 17. Nb5
Rac8 18. Qe1 Bd7 19. Nxc7 Rxc7 20. Qxa5 Qd6 21. Rac1 Rdc8
22. Rc2 Ra8 23. Bxc5 Rxa5 24. Bxd6 Rxc2 25. Nxc2 Ne8 26. Bxe5
Rc5 27. Ne3 Rc8 28. Bd4 Na8 29. e5 Nac7 30. Rc1 Na6 31. Rxc8
Bxc8 32. Nc4 Bf5 33. d6 Nb4 34. Bxb7 f6 35. a5 fxe5 36. Bc3
Nd3 37. a6 Nc5 38. Bd5+ Kf8 39. a7 h5 40. a8=Q g5 41. Bxe5 1-0

[Event "World Junior Championships"]
[Site "Chennai IND"]
[Date "2011.08.05"]
[EventDate "2011.08.01"]
[Round "4"]
[Result "0-1"]
[White "Roman Sapozhnikov"]
[Black "Baskaran Adhiban"]
[WhiteElo "2295"]
[BlackElo "2542"]
[PlyCount "56"]

1. e4 c5 2. Nf3 d6 3. d4 cxd4 4. Nxd4 Nf6 5. Nc3 a6 6. Bg5 e6
7. f4 h6 8. Bh4 Qb6 9. a3 Be7 10. Bf2 Qc7 11. Be2 b5 12. Bf3
Bb7 13. f5 e5 14. Nde2 Nbd7 15. g4 Nb6 16. b3 O-O-O 17. Qd3 d5
18. Bxb6 Qxb6 19. Nxd5 Bxd5 20. exd5 e4 21. Bxe4 Nxe4 22. Qxe4
Bh4+ 23. Kd1 Bf6 24. c3 Rhe8 25. Qg2 Qe3 26. Ra2 Bg5 27. d6
Rxd6+ 28. Ke1 Bh4+ 0-1

[Event "World Junior Championships"]
[Site "Chennai IND"]
[Date "2011.08.06"]
[EventDate "2011.08.01"]
[Round "5"]
[Result "1/2-1/2"]
[White "Moulthun Ly"]
[Black "Baskaran Adhiban"]
[WhiteElo "2369"]
[BlackElo "2542"]
[PlyCount "119"]

1. e4 c5 2. Nf3 d6 3. d4 cxd4 4. Nxd4 Nf6 5. Nc3 a6 6. Be3 Ng4
7. Bg5 h6 8. Bh4 g5 9. Bg3 Bg7 10. Bc4 Nc6 11. Nxc6 bxc6
12. h4 Qa5 13. Qd2 Ne5 14. Bb3 Rb8 15. hxg5 hxg5 16. Rxh8+
Bxh8 17. O-O-O Be6 18. f3 Nc4 19. Qd3 Bxc3 20. Qxc3 Qxc3
21. bxc3 a5 22. e5 dxe5 23. Re1 Bd5 24. Bxe5 Nxe5 25. Bxd5 f6
26. Be6 Kd8 27. Re4 Kc7 28. Bb3 Rh8 29. g3 Rh7 30. f4 gxf4
31. gxf4 Nd7 32. Kb2 Nc5 33. Re1 Kd6 34. Rd1+ Kc7 35. Re1 Rg7
36. Ka3 Kd6 37. Rd1+ Kc7 38. Re1 Kb6 39. Rd1 e5 40. fxe5 fxe5
41. Rd6 Kc7 42. Rh6 Re7 43. Rh5 Kb6 44. Rh6 Kb5 45. Bg8 e4
46. c4+ Kb6 47. Bd5 Rc7 48. Kb2 Kb7 49. Bg8 Rg7 50. Rh7 Rxh7
51. Bxh7 e3 52. Kc3 Kc7 53. Bd3 Ne6 54. c5 a4 55. a3 Nf4
56. Be4 Kd7 57. Bf3 Kc7 58. Be4 Kb7 59. Bf3 Kc7 60. Be4
1/2-1/2

[Event "World Junior Championships"]
[Site "Chennai IND"]
[Date "2011.08.02"]
[EventDate "2011.08.02"]
[Round "1.10"]
[Result "1/2-1/2"]
[White "Baskaran Adhiban"]
[Black "Kumar R A Pradeep"]
[WhiteElo "2542"]
[BlackElo "2245"]
[PlyCount "184"]

1. d4 Nf6 2. c4 g6 3. Nc3 Bg7 4. Nf3 d6 5. Bg5 O-O 6. e3 c6
7. Be2 Qc7 8. O-O e5 9. Qc2 Re8 10. c5 dxc5 11. Bxf6 Bxf6
12. Ne4 Bg7 13. dxc5 Bf5 14. Nfd2 Rd8 15. Rfd1 Nd7 16. Bd3
Bxe4 17. Nxe4 Nf6 18. Nd2 Rd7 19. Nc4 b5 20. cxb6 axb6 21. a3
Rad8 22. Be2 e4 23. g3 Rd5 24. Rac1 h5 25. Nd2 Qe5 26. Nc4 Qc7
27. Nd2 Qe5 28. Nb3 R8d6 29. Nd4 c5 30. Nb5 Rxd1+ 31. Bxd1 Rd8
32. Be2 h4 33. b3 hxg3 34. hxg3 Ne8 35. Kg2 Bf6 36. Rd1 Rxd1
37. Qxd1 Nc7 38. Nxc7 Qxc7 39. Qd5 Qe5 40. Bc4 Qxd5 41. Bxd5
Bb2 42. a4 Kg7 43. Bxe4 f5 44. Bd5 Kf6 45. f4 g5 46. Kf3 gxf4
47. exf4 Bd4 48. Ke2 Ke7 49. Bg2 Bc3 50. Bd5 Kd6 51. Bb7 Kd7
52. Ba6 Bb4 53. Bd3 Ke6 54. Kf2 Bc3 55. Kf1 Bd2 56. Bc4+ Kd6
57. Ke2 Bb4 58. Kf3 Ke7 59. Ke2 Kd6 60. Bd3 Ke6 61. Ba6 Kd7
62. Kf3 Bc3 63. Kg2 Be1 64. Kh3 Ke7 65. Bc8 Kf6 66. Kg2 Kg6
67. Kf3 Kf6 68. Bd7 Kg6 69. Be6 Kf6 70. Bc8 Kg6 71. Kg2 Kf6
72. Kh2 Kg6 73. Kh3 Kf6 74. Ba6 Bd2 75. Bd3 Be1 76. Kg2 Ke6
77. Kf3 Kf6 78. Ba6 Ke6 79. Bc8+ Kf6 80. Bd7 Kg6 81. g4 fxg4+
82. Bxg4 Kf6 83. Ke4 Bd2 84. Bh3 Bc1 85. Bg4 Bd2 86. Bc8 Bc1
87. Ba6 Bd2 88. Bd3 Bc3 89. Kd5 Bd2 90. Kc6 Ba5 91. Kd6 Bd2
92. Kc6 Ke6 1/2-1/2

[Event "World Junior Championships"]
[Site "Chennai IND"]
[Date "2011.08.03"]
[EventDate "2011.08.02"]
[Round "2.26"]
[Result "1-0"]
[White "Sunilduth Lyna Narayanan"]
[Black "Baskaran Adhiban"]
[WhiteElo "2233"]
[BlackElo "2542"]
[PlyCount "91"]

1. e4 c5 2. Nf3 d6 3. d4 cxd4 4. Nxd4 Nf6 5. Nc3 a6 6. Be3 e5
7. Nf3 Be7 8. Bc4 O-O 9. O-O Be6 10. Bb3 Qc7 11. Qe2 Rc8
12. Rfd1 b5 13. Rac1 h6 14. Nh4 b4 15. Nd5 Nxd5 16. exd5 Bd7
17. Qh5 a5 18. c3 Qd8 19. Nf5 Bxf5 20. Qxf5 bxc3 21. Ba4 g6
22. Qh3 Na6 23. bxc3 Bg5 24. Bc6 Rab8 25. Rb1 Rxb1 26. Rxb1
Rb8 27. Rb5 Bxe3 28. Qxe3 Kg7 29. c4 Nc5 30. g3 Rc8 31. Rxc5
dxc5 32. Qxc5 Qc7 33. Kg2 f6 34. Qe3 Rb8 35. c5 Rb4 36. Qc3
Rd4 37. a3 a4 38. Qb2 Kf8 39. Qb5 e4 40. d6 Qd8 41. Qb7 f5
42. Bd5 Qe8 43. d7 Qd8 44. Qc6 e3 45. Qd6+ Kg7 46. Qe5+ 1-0

[Event "World Junior Championships"]
[Site "Chennai IND"]
[Date "2011.08.07"]
[EventDate "2011.08.02"]
[Round "6"]
[Result "1-0"]
[White "Baskaran Adhiban"]
[Black "Evandro Amorim Barbosa"]
[WhiteElo "2542"]
[BlackElo "2343"]
[PlyCount "137"]

1. d4 Nf6 2. c4 g6 3. g3 Bg7 4. Bg2 d5 5. cxd5 Nxd5 6. Nf3 Nb6
7. Nc3 Nc6 8. e3 O-O 9. O-O Re8 10. Re1 a5 11. Qe2 Be6 12. Nd2
a4 13. Rd1 f5 14. Rb1 Bf7 15. b3 axb3 16. axb3 Nd5 17. Bb2
Nxc3 18. Bxc3 Bd5 19. e4 fxe4 20. Nxe4 e6 21. h4 Ra3 22. Rd3
Qe7 23. h5 gxh5 24. Qxh5 Qf7 25. Qxf7+ Kxf7 26. Nc5 b6
27. Nxe6 Bxg2 28. Kxg2 Rxe6 29. d5 Rd6 30. Rf3+ Kg6 31. dxc6
Rxc6 32. Bxg7 Kxg7 33. Re1 Kg6 34. Re7 h6 35. Rfe3 Ra2
36. R7e6+ Rxe6 37. Rxe6+ Kg5 38. Rc6 Rb2 39. Rxc7 Rxb3 40. f4+
Kg4 41. Rg7+ Kf5 42. Kh3 Rb1 43. Rf7+ Kg6 44. Rd7 Kf5 45. Rd6
b5 46. Rb6 b4 47. Rb5+ Kg6 48. Kg4 b3 49. Rb6+ Kg7 50. Kf5 h5
51. Rb7+ Kh6 52. Kf6 b2 53. Rb8 Kh7 54. f5 Rg1 55. Rxb2 Rxg3
56. Rb7+ Kh6 57. Rb1 Kh7 58. Ke7 Re3+ 59. Kf7 Ra3 60. Rb7 h4
61. f6 h3 62. Ke6+ Kg6 63. Rg7+ Kh6 64. Rg8 h2 65. f7 Re3+
66. Kd6 Rd3+ 67. Kc5 Rd5+ 68. Kc4 Rf5 69. f8=Q+ 1-0

[Event "World Junior Championships"]
[Site "Chennai IND"]
[Date "2011.08.09"]
[EventDate "2011.08.02"]
[Round "7"]
[Result "0-1"]
[White "Nikil P Shyam"]
[Black "Baskaran Adhiban"]
[WhiteElo "2398"]
[BlackElo "2542"]
[PlyCount "42"]

1. d4 d5 2. c4 e6 3. Nc3 c6 4. e4 dxe4 5. Nxe4 Bb4+ 6. Bd2
Qxd4 7. Bxb4 Qxe4+ 8. Be2 Na6 9. Bd6 Qxg2 10. Bf3 Qg5 11. Ne2
Ne7 12. Rg1 Qa5+ 13. Nc3 Nf5 14. Kf1 e5 15. Be4 Nxd6 16. Qxd6
Bh3+ 17. Ke2 Rd8 18. Qa3 Qxa3 19. bxa3 g6 20. Na4 Be6 21. Rgc1
Rd4 0-1

[Event "World Junior Championships"]
[Site "Chennai IND"]
[Date "2011.08.09"]
[EventDate "2011.08.02"]
[Round "7"]
[Result "1-0"]
[White "Baskaran Adhiban"]
[Black "Kacper Piorun"]
[WhiteElo "2542"]
[BlackElo "2514"]
[PlyCount "115"]

1. e4 c6 2. d4 d5 3. Nc3 dxe4 4. Nxe4 Nd7 5. Ng5 Ngf6 6. Bd3
e6 7. N1f3 Bd6 8. Qe2 h6 9. Ne4 Nxe4 10. Qxe4 Qc7 11. O-O b6
12. Qg4 Kf8 13. b3 Bb7 14. Re1 Nf6 15. Qh3 Rd8 16. Bb2 h5
17. Ne5 Kg8 18. Qh4 c5 19. h3 cxd4 20. Bxd4 Be7 21. Bb2 Nd5
22. Qc4 Qxc4 23. Bxc4 h4 24. Rad1 Bf6 25. Bf1 Rh5 26. c4 Nf4
27. Rxd8+ Bxd8 28. Ng4 Bc7 29. f3 Kf8 30. Rd1 Bc6 31. b4 a6
32. Kf2 f6 33. Ne3 Ke7 34. Nc2 Bd6 35. a3 Rh8 36. Bd4 Bc7
37. c5 b5 38. Bb2 e5 39. Bc1 Ne6 40. Bd3 Rd8 41. Ne3 Kf7
42. Bb1 Rxd1 43. Nxd1 g6 44. Nc3 f5 45. Ba2 f4 46. Nd5 Bb8
47. Bb2 Kf8 48. Nf6 Ke7 49. Ng4 e4 50. Bf6+ Kd7 51. Be5 Ba7
52. Bd6 e3+ 53. Ke1 Nd4 54. Ne5+ Kc8 55. Nxc6 Nxc6 56. Bxf4 a5
57. Bd5 Nd4 58. Be4 1-0

[Event "World Junior Championships"]
[Site "Chennai IND"]
[Date "2011.08.11"]
[EventDate "2011.08.02"]
[Round "9"]
[Result "1/2-1/2"]
[White "Vasif Durarbayli"]
[Black "Baskaran Adhiban"]
[WhiteElo "2515"]
[BlackElo "2542"]
[PlyCount "93"]

1. Nf3 Nf6 2. c4 c5 3. g3 Nc6 4. Bg2 e6 5. O-O d5 6. cxd5 Nxd5
7. Nc3 Be7 8. d3 O-O 9. Bd2 b6 10. Rc1 Bb7 11. Qa4 Rc8 12. a3
a6 13. Nxd5 Qxd5 14. Bc3 Qh5 15. h4 b5 16. Qf4 f6 17. Bh3 e5
18. Qf5 Qe8 19. Qd7 Qxd7 20. Bxd7 Rcd8 21. Be6+ Kh8 22. Rc2
Nb8 23. Ne1 Nc6 24. Nf3 Nb8 25. Ne1 Bd5 26. Bxd5 Rxd5 27. Ng2
Rc8 28. Ne3 Rd7 29. Bb4 Bf8 30. Rfc1 Rdc7 31. Nd5 Rc6 32. Ba5
Nd7 33. Kg2 Kg8 34. f4 exf4 35. gxf4 f5 36. Kf3 Kf7 37. Be1
Rd6 38. Ne3 g6 39. h5 Rdc6 40. Bc3 Re8 41. hxg6+ hxg6 42. Rh1
Nf6 43. Rh8 Kg7 44. Rh3 Kf7 45. Rh8 Kg7 46. Rh1 Kf7 47. Rh8
1/2-1/2

[Event "World Junior Championships"]
[Site "Chennai IND"]
[Date "2011.08.12"]
[EventDate "2011.08.02"]
[Round "10"]
[Result "1-0"]
[White "Baskaran Adhiban"]
[Black "Axel Rombaldoni"]
[WhiteElo "2542"]
[BlackElo "2459"]
[PlyCount "49"]

1. Nf3 Nf6 2. c4 e6 3. d4 d5 4. g3 Be7 5. Bg2 O-O 6. O-O dxc4
7. Qa4 Qd5 8. Nc3 Qc6 9. Qc2 Qa6 10. Bg5 Nc6 11. e3 Nd7
12. Bxe7 Nxe7 13. a4 e5 14. Nb5 Qa5 15. Ng5 Ng6 16. Qxc4 c6
17. Nd6 Nh8 18. d5 c5 19. Rfd1 Qd8 20. Ne6 Qe7 21. Nxf8 Qxd6
22. Nxd7 Bxd7 23. Rac1 b6 24. b4 Rc8 25. Qa6 1-0

[Event "Cultural Village Tournament"]
[Site "Wijk aan Zee NED"]
[Date "2011.11.30"]
[EventDate "2011.??.??"]
[Round "9.3"]
[Result "0-1"]
[White "Aleksandr Lenderman"]
[Black "Baskaran Adhiban"]
[WhiteElo "2581"]
[BlackElo "2544"]
[PlyCount "54"]

1. c4 e5 2. Nc3 Nf6 3. Nf3 Nc6 4. a3 d5 5. cxd5 Nxd5 6. Qc2
Nxc3 7. dxc3 Bd6 8. e4 O-O 9. Be3 Qe7 10. Rd1 f5 11. exf5 Bxf5
12. Qb3+ Kh8 13. Qxb7 e4 14. Nd2 Ne5 15. b4 Bg4 16. Rc1 Rae8
17. Nc4 Nd3+ 18. Bxd3 exd3 19. O-O Be2 20. Nxd6 Qxd6 21. Bc5
Qf4 22. Bxf8 d2 23. Ra1 Bxf1 24. Rxf1 Re1 25. Qd5 Rxf1+
26. Kxf1 Qc4+ 27. Qxc4 d1=Q# 0-1